00689nam a22002177a 4500003000500000005001700005008004100022010001000063011001000073035001000083040000900093082002200102111008000124245001200204260005600216300001100272500011200283650002400395650002300419650002900442CHAP20220329141650.0971013s1994 r 10010 d a71853 a72825 a82381 cCHAP a631.4063bS5 199400aSimposio Brasileiro sobre Microbiología do Solo (n3d: 1994c: Londrina) aResumos aBrasil :bInstituto Agronómico do Paraná,c1994 a161 p. aReuniao de Laboratórios para Recomendacao de Estirpes de Rhizobium e Bradyrhizobium (3 : 1994 : Londrina)14aSuelosxBiología.14aSuelosxCongresos.14aSuelosxMicrobiología.